Al-Muntakhab : Auswahl aus den Interpretationen des Heiligen Koran ; arabisch-deutsch /

محفوظ في:

مؤلفون آخرون: Huber, V.A. 1800-1869., Māhir, Muṣṭafá.

التنسيق: كتاب

اللغة: German
Arabic

منشور في: Cairo, Egypt : Supreme Council of Islamic Affairs, 1999.

الموضوعات:

الوسوم: إضافة وسم

لا توجد وسوم, كن أول من يضع وسما على هذه التسجيلة!

رقم الطلب: BP130.4 .U5 G3 1999

LEADER 00889namaa2200241 4500
001 11916
003 OSt
005 20240728085057.0
008 130303s1999 ua 000 0 ger d
952 |0 0  |1 0  |2 lcc  |4 0  |6 BP01304 U5 G3 01999  |7 1  |9 12836  |a ARCE  |b ARCE  |d 2021-06-02  |l 0  |o BP130.4 .U5 G3 1999  |p 1015335  |r 2021-06-02 00:00:00  |w 2021-06-02  |y BK 
999 |c 12197  |d 12197 
040 |c ARCE Library 
041 0 |a ger  |a ara 
050 4 |a BP130.4 .U5 G3 1999 
245 0 3 |a Al-Muntakhab :   |b Auswahl aus den Interpretationen des Heiligen Koran ; arabisch-deutsch /   |c übers. von Moustafa Maher. Red. A. Huber. 
264 1 |a Cairo, Egypt :  |b Supreme Council of Islamic Affairs,  |c 1999. 
300 |a 1052 pages ;   |c 25 cm. 
546 |a Text in German, Arabic. 
630 0 0 |a Qurʼan. 
700 1 |a Huber, V.A.  |q (Victor Aimé),  |d 1800-1869. 
700 1 |a Māhir, Muṣṭafá. 
901 |a reviewed 
942 |c BK  |2 lcc